000 00410nam a2200133Ia 4500
008 240719s9999 xx 000 0 und d
041 _aeng
082 _a650.14 MEI
100 _aMeier Robert WM
245 _aThe Worlds Greatest Resumes Introducing The Worlds First Resume Rater
260 _aBerkeley
_bTen Speed Press
_c2005
300 _a183.; P. 28 Cm
520 _aGifted By : IMT Faculty Dr.senthil kumar
999 _c41228
_d41228